|
|
|
|
| LEADER |
00000nam0a2200000 4500 |
| 001 |
374127 |
| 005 |
20231102012627.0 |
| 035 |
|
|
|a (RuTPU)RU\TPU\retro\31561
|
| 035 |
|
|
|a RU\TPU\book\303892
|
| 090 |
|
|
|a 374127
|
| 100 |
|
|
|a 20221216d1986 k y0rusy50 ca
|
| 101 |
0 |
|
|a rus
|
| 102 |
|
|
|a RU
|
| 105 |
|
|
|a a z 001zy
|
| 200 |
1 |
|
|a Корреляция пермо-триасовых отложений востока СССР. Проект № 203 («Пермо-триасовые события в восточной части Тетической области и их межконтинентальная корреляция») международной программы геологической корреляции
|e сборник научных трудов
|f Академия наук СССР (АН СССР), Дальневосточный научный центр (ДНЦ), Биолого-почвенный институт (БПИ)
|
| 210 |
|
|
|a Владивосток
|c [Б. и.]
|d 1986
|
| 215 |
|
|
|a 128 с.
|c ил.
|
| 320 |
|
|
|a Библиография в конце статей
|
| 606 |
1 |
|
|a Пермские отложения
|2 stltpush
|3 (RuTPU)RU\TPU\subj\48632
|9 67484
|
| 606 |
1 |
|
|a Триасовые отложения
|2 stltpush
|3 (RuTPU)RU\TPU\subj\61590
|9 78775
|
| 610 |
1 |
|
|a цефалоподы
|
| 610 |
1 |
|
|a Приморье
|
| 610 |
1 |
|
|a пермь
|
| 610 |
1 |
|
|a зональное расчленение
|
| 610 |
1 |
|
|a пермские конодонты
|
| 610 |
1 |
|
|a корреляция
|
| 610 |
1 |
|
|a нижняя граница
|
| 610 |
1 |
|
|a фораминиферы
|
| 610 |
1 |
|
|a цератиты
|
| 610 |
1 |
|
|a раковины
|
| 610 |
1 |
|
|a микроструктура
|
| 675 |
|
|
|a 551.736
|v 4
|
| 675 |
|
|
|a 551.761
|v 4
|
| 712 |
0 |
2 |
|a Академия наук СССР (АН СССР)
|b Дальневосточный научный центр (ДНЦ)
|b Биолого-почвенный институт (БПИ)
|c (Владивосток)
|2 stltpush
|3 (RuTPU)RU\TPU\col\15707
|
| 801 |
|
1 |
|a RU
|b 63413507
|c 20150110
|
| 801 |
|
2 |
|a RU
|b 63413507
|c 20221216
|g RCR
|
| 942 |
|
|
|c BK
|